Marketingový management destinací strategický a taktický marketing destinace turismu : systém marketingového řízení destinace a jeho financování : řízení kvality v destinaci a informační systém destinace

Na minha lista:
Detalhes bibliográficos
Autor principal: Palatková, Monika
Formato: Livro
Idioma:tcheco
Publicado em: Praha GRADA 2011
Edição:1. vyd.
Assuntos:
Tags: Adicionar Tag
Sem tags, seja o primeiro a adicionar uma tag!

MARC

LEADER 00000nam a2200000 4500
001 0228661
005 20220909120009.4
020 |a 978-80-247-3749-2 
041 0 |a cze 
044 |a CZ 
245 1 0 |a Marketingový management destinací  |b strategický a taktický marketing destinace turismu : systém marketingového řízení destinace a jeho financování : řízení kvality v destinaci a informační systém destinace  |c Monika Palatková ; recenzoval Jiří Vystoupil 
250 |a 1. vyd. 
264 1 |a Praha  |b GRADA  |c 2011 
300 |a 207 s. 
610 2 0 |a marketing manažment 
610 2 0 |a ruch cestovný 
610 2 0 |a služby 
610 2 0 |a riadenie kvality 
610 2 0 |a systémy informačné 
100 1 |a Palatková, Monika